Premier League Appearances by Nationality: DR Congo - Statistics

General Stats
  • This quiz has been taken 5 times
  • The average score is 3 of 10
Answer Stats
Appearances Player % Correct
223 Aaron Wan-Bissaka
75%
108 Arthur Masuaku
50%
119 Yannick Bolasie
50%
147 Yoane Wissa
50%
61 Axel Tuanzebe
25%
146 Lomana LuaLua
25%
63 Benik Afobe
0%
42 Chancel Mbemba
0%
62 Herita Ilunga
0%
164 Youssouf Mulumbu
0%
No matching quizzes found
Score Distribution
Percent of People with Each Score
Percentile by Number Answered
Your Score History
You have not taken this quiz